000
00299nam a22001337a 4500
008
170613b xxu||||| |||| 00| 0 eng d
020
_a
9780312132996
041
_a
eng
080
_a
324
100
_a
19
101
_a
SHP
245
_a
THE LATEST AMERICAN REVOLUTION?
_c
WILCOX,C
942
_2
udc
_c
BK
999
_c
17154
_d
17154